| 000 | 00909nam a22002297a 4500 | ||
|---|---|---|---|
| 005 | 20230725081657.0 | ||
| 008 | 230725b |||||||| |||| 00| 0 eng d | ||
| 020 | _a978-1-5264-4563-6 | ||
| 082 | _a372.610941 W354 2019 | ||
| 100 |
_aWaugh, David _eauthor |
||
| 245 |
_aTeaching grammar, punctuation, and spelling in primary schools / _cDavid, Waugh, Claire Warner, Rosemary Waugh |
||
| 260 |
_aLondon: _bSage Publications, _cc2019 |
||
| 300 |
_avii, 264p.: _bill. |
||
| 490 | _aTransforming primary QTS | ||
| 504 | _aIncludes bibliographical references and index | ||
| 541 | _e7344 | ||
| 650 | _aEnglish language - Grammar - Study and teaching (Elementary) | ||
| 650 | _aEnglish language - Punctuation - Study and teaching (Elementary) | ||
| 650 | _aEnglish language - Orthography and spelling - Study and teaching (Elementary) | ||
| 700 |
_aWarner, Claire _eauthor |
||
| 700 |
_aWaugh, Rosemary _eauthor |
||
| 999 |
_c2226 _d2226 |
||